000 00528nam a2200157Ia 4500
001 705
003 GE_BSU
008 181216s||||||||xx |||||||||||||| ||und||
020 _a9789941006340
040 _cGE_BSU
245 _aმტირალას ეროვნული პარკი და მისი დამხმარე ზონა.
260 _aბათუმი
260 _bშპს"ჯეოპრინტი''
653 _aსაქართველოს ნაკრძალები
942 _cBK
999 _c34884
_d34884